| 000 | 00603nam a2200169 i 4500 | ||
|---|---|---|---|
| 001 | 33290 | ||
| 003 | ES-MaACL | ||
| 005 | 20230906154731.0 | ||
| 007 | t| | ||
| 008 | 030201s1955 sp ||||1| spa d | ||
| 100 | 1 |
_aBerg, W. F. _927915 |
|
| 245 | 1 | 3 |
_aLa Exposición _b: los fundamentos de la técnica de la cámara fotográfica / _cW. F. Berg ; traducción del inglés por Andrés Lamana Pola. |
| 260 |
_aBarcelona : _bOmega, _c[1955] ( _fCasa Provincial de Caridad) |
||
| 300 |
_a376 p., 16 lám. : _bil. ; _c23 cm. |
||
| 700 | 1 |
_aLamana Pola, Andrés. _969762 |
|
| 852 |
_aES-MaACL _jC-10069 _bR.37608 |
||
| 999 |
_c33290 _d33290 |
||